000 01300nam0a22002771 4500
001 rc\2877596
005 20110718105551.2
035 _a(NLR Aleph) 007030629
090 _a5999548
_c5999548
100 _a20110718d1929 |||y0rusy50 ca
101 0 _arus
102 _aRU
105 _aa z |||||
200 1 _aКраткий отчет о деятельности Геологического комитета в 1927/28 бюджетном году
_fДоклад ученого секретаря Геологич. ком-та М.М. Тетяева
210 _aЛенинград
_cГеол. ком.
_d1929
_gтип. Финотд. Ленингр. облисполкома
215 _a32 с., [3] вкл. л. диагр.
_cдиагр.
_d26х18 см
300 _aБез тит. листа. Описано по обложке
300 _aПеред загл.: "Отдельн. оттиск из т. XLVIII, № 2 "Известий Геологич. ком-та"
300 _aОбложка на рус. и фр. яз.
702 1 _aТетяев
_bМ. М.
_gМихаил Михайлович
_4570
710 0 2 _aГеологический комитет
_cЛенинград
801 0 _aRU
_bNLR
_gpsbo
801 1 _aRU
_bELAR
_2rusmarc
852 _aNLR
_j37/2720(2)
942 _cBOOK
980 _aNB